<?xml version="1.0" encoding="UTF-8"?>
<record
    xmlns:xsi="http://www.w3.org/2001/XMLSchema-instance"
    xsi:schemaLocation="http://www.loc.gov/MARC21/slim http://www.loc.gov/standards/marcxml/schema/MARC21slim.xsd"
    xmlns="http://www.loc.gov/MARC21/slim">

  <leader>01281nam a22003377a 4500</leader>
  <controlfield tag="003">OSt</controlfield>
  <controlfield tag="005">20260703092950.0</controlfield>
  <controlfield tag="008">260703b        ar ||||| |||| 00| | spa d</controlfield>
  <datafield tag="040" ind1=" " ind2=" ">
    <subfield code="a">HCSPBA</subfield>
  </datafield>
  <datafield tag="041" ind1=" " ind2=" ">
    <subfield code="a">spa</subfield>
  </datafield>
  <datafield tag="100" ind1=" " ind2=" ">
    <subfield code="a">Granada, Luis de</subfield>
  </datafield>
  <datafield tag="245" ind1=" " ind2=" ">
    <subfield code="a">Obras del V. P. M. Fray Luis de Granada.</subfield>
    <subfield code="n">Tomo 3.</subfield>
  </datafield>
  <datafield tag="260" ind1=" " ind2=" ">
    <subfield code="a">Madrid.</subfield>
    <subfield code="b">M. Rivadeneyra.</subfield>
    <subfield code="c">1863.</subfield>
  </datafield>
  <datafield tag="300" ind1=" " ind2=" ">
    <subfield code="a">3 v.</subfield>
  </datafield>
  <datafield tag="490" ind1=" " ind2=" ">
    <subfield code="a">Biblioteca de autores espa&#xF1;oles, desde la formaci&#xF3;n del lenguaje hasta nuestros d&#xED;as </subfield>
    <subfield code="v"> 11</subfield>
  </datafield>
  <datafield tag="505" ind1=" " ind2=" ">
    <subfield code="a">Indice</subfield>
  </datafield>
  <datafield tag="505" ind1=" " ind2=" ">
    <subfield code="a">Trece sermones del V.P.M. Fr. Luis de Granada</subfield>
  </datafield>
  <datafield tag="505" ind1=" " ind2=" ">
    <subfield code="a">Compendio y explicaci&#xF3;n de la doctrina cristiana</subfield>
  </datafield>
  <datafield tag="505" ind1=" " ind2=" ">
    <subfield code="a">Breve memorial y gu&#xED;a de lo que debe hacer el cristiano</subfield>
  </datafield>
  <datafield tag="505" ind1=" " ind2=" ">
    <subfield code="a">Discurso del ministerio de la encarnaci&#xF3;n del hijo de Dios</subfield>
  </datafield>
  <datafield tag="505" ind1=" " ind2=" ">
    <subfield code="a">Oraci&#xF3;n al glorioso patriarca sancto Domingo. Compendio de la doctrina espiritual</subfield>
  </datafield>
  <datafield tag="505" ind1=" " ind2=" ">
    <subfield code="a">Vida del bienaventurado P. Sant Juan Cl&#xED;maco</subfield>
  </datafield>
  <datafield tag="505" ind1=" " ind2=" ">
    <subfield code="a">Escala espiritual</subfield>
  </datafield>
  <datafield tag="505" ind1=" " ind2=" ">
    <subfield code="a">Contemptus mundi, o menosprecio del mundo y imitaci&#xF3;n de Cristo</subfield>
  </datafield>
  <datafield tag="505" ind1=" " ind2=" ">
    <subfield code="a">Los seis libros de la ret&#xF3;rica eclesi&#xE1;stica, o de la manera de predicar</subfield>
  </datafield>
  <datafield tag="650" ind1=" " ind2=" ">
    <subfield code="a">LITERATURA</subfield>
  </datafield>
  <datafield tag="650" ind1=" " ind2=" ">
    <subfield code="a">HISTORIA</subfield>
  </datafield>
  <datafield tag="651" ind1=" " ind2=" ">
    <subfield code="a">ESPA&#xD1;A</subfield>
  </datafield>
  <datafield tag="700" ind1=" " ind2=" ">
    <subfield code="a">Mora, Jos&#xE9; Joaqu&#xED;n</subfield>
    <subfield code="e">10</subfield>
  </datafield>
  <datafield tag="942" ind1=" " ind2=" ">
    <subfield code="c">LIB</subfield>
  </datafield>
  <datafield tag="952" ind1=" " ind2=" ">
    <subfield code="6">1803_T11</subfield>
    <subfield code="8">DEP</subfield>
    <subfield code="9">109169</subfield>
    <subfield code="a">LEG</subfield>
    <subfield code="d">2026-07-03</subfield>
    <subfield code="l">0</subfield>
    <subfield code="o">1803 T.11</subfield>
    <subfield code="p">LEG-LIB-020917</subfield>
    <subfield code="w">2026-07-03</subfield>
    <subfield code="y">LIB</subfield>
    <subfield code="7">2</subfield>
  </datafield>
  <datafield tag="999" ind1=" " ind2=" ">
    <subfield code="c">65175</subfield>
    <subfield code="d">134644</subfield>
  </datafield>
</record>
